000
00338nam a2200145 4500
999
_c
9434
_d
9434
003
OSt
005
20210420142854.0
008
210420b ||||| |||| 00| 0 eng d
020
_a
9781948765206
082
_a
720.5
_b
JOA
100
_a
Mitchell joachim
245
_a
Design with life
260
_a
New york
_b
Actor publishers
942
_2
ddc